[Event "Sharjah op rapid"]
[Site "Sharjah"]
[Date "2018.05.23"]
[Round "2"]
[White "Salvi, Amit"]
[Black "Magerramov, Elmar S"]
[Result "0-1"]
[WhiteElo "1524"]
[BlackElo "2515"]
[PlyCount "74"]
[EventDate "2018.05.23"]
[EventType "swiss (rapid)"]
[EventRounds "9"]
[EventCountry "UAE"]
[SourceTitle "CBM 184 Extra"]
[Source "ChessBase"]
[SourceDate "2018.06.28"]
[SourceVersion "1"]
[SourceVersionDate "2018.06.28"]
[SourceQuality "1"]

1. e4 e6 2. d4 d5 3. exd5 exd5 4. c3 Bd6 5. Bd3 Nc6 6. Ne2 Qh4 7. Be3 Nge7 8. Nd2 Bf5 9. Nf3 Qh5 10. h3 0-0-0 11. Qc2 Qg6 12. Bxf5+ Nxf5 13. g4 Nh4 14. Qxg6 Nxf3+ 15. Kd1 hxg6 16. Kc2 Rde8 17. Kd3 g5 18. a4 Na5 19. Nc1 f6 20. b3 b6 21. c4 Nc6 22. Na2 Kd7 23. cxd5 Nb4+ 24. Nxb4 Bxb4 25. Rac1 Bd6 26. Rc4 Rh7 27. b4 Reh8 28. a5 Rxh3 29. Rhc1 Nh2 30. axb6 axb6 31. Ke4 Nxg4 32. Kf5 Nxe3+ 33. fxe3 Rxe3 34. Kg6 Re7 35. Ra1 g4 36. Kf5 g3 37. b5 Rh5+ 0-1

[Event "Sharjah op rapid"]
[Site "Sharjah"]
[Date "2016.06.12"]
[Round "4"]
[White "Rafee, Mohd Hayel"]
[Black "Magerramov, Elmar S"]
[Result "0-1"]
[WhiteElo "1897"]
[BlackElo "2515"]
[PlyCount "54"]
[EventDate "2016.06.12"]
[EventType "swiss (rapid)"]
[EventRounds "9"]
[EventCountry "UAE"]
[SourceTitle "CBM 173 Extra"]
[Source "ChessBase"]
[SourceDate "2016.08.29"]
[SourceVersion "1"]
[SourceVersionDate "2016.08.29"]
[SourceQuality "1"]

1. e4 e5 2. Nf3 Nc6 3. Bb5 a6 4. Ba4 Nf6 5. Qe2 Be7 6. c3 b5 7. Bc2 0-0 8. 0-0 d6 9. d3 Re8 10. Nbd2 Bf8 11. Rd1 Bb7 12. Nf1 Nb8 13. Ng3 g6 14. Bg5 h6 15. Bc1 Nbd7 16. a4 c5 17. Bb3 d5 18. exd5 Bxd5 19. Bxd5 Nxd5 20. axb5 axb5 21. Rxa8 Qxa8 22. d4 exd4 23. Qxb5 Ne5 24. Nxe5 Rxe5 25. cxd4 cxd4 26. Bf4 Nxf4 27. Qf1 d3 0-1

[Event "Sharjah op rapid"]
[Site "Sharjah"]
[Date "2014.07.07"]
[Round "6"]
[White "Magerramov, Elmar S"]
[Black "Dimarucut, Francis Erwin"]
[Result "1/2-1/2"]
[WhiteElo "2518"]
[BlackElo "2117"]
[PlyCount "95"]
[EventDate "2014.07.05"]
[EventType "swiss (rapid)"]
[EventRounds "9"]
[EventCountry "UAE"]
[SourceTitle "CBM 161 Extra"]
[Source "ChessBase"]
[SourceDate "2014.08.29"]
[SourceVersion "1"]
[SourceVersionDate "2014.08.29"]
[SourceQuality "1"]

1. Nf3 Nf6 2. c4 g6 3. d4 d5 4. cxd5 Nxd5 5. e4 Nb6 6. h3 Bg7 7. Nc3 0-0 8. Be2 Nc6 9. Be3 a5 10. 0-0 f5 11. exf5 Bxf5 12. Rc1 Nb4 13. Qd2 Qd7 14. Bh6 Rad8 15. Bxg7 Kxg7 16. Rfd1 c6 17. Ne5 Qd6 18. a3 N4d5 19. Nxd5 Nxd5 20. Qxa5 Nf4 21. Bf1 Qf6 22. Qe1 Rd5 23. Qe3 Bc8 24. Re1 Qg5 25. Kh1 Qf6 26. Nf3 Rf7 27. Rc5 Nxh3 28. Rxd5 cxd5 29. gxh3 Qxf3+ 30. Qxf3 Rxf3 31. Rxe7+ Kh6 32. Kg1 Rf4 33. Rc7 Bf5 34. Rxb7 Rxd4 35. Rb4 Rd1 36. Kg2 Be4+ 37. f3 Bxf3+ 38. Kxf3 Rxf1+ 39. Kg2 Rd1 40. a4 d4 41. a5 Ra1 42. Rxd4 Rxa5 43. Kf3 Kg5 44. h4+ Kf5 45. Rd7 Rb5 46. Rf7+ Ke6 47. Rxh7 Rxb2 48. h5 1/2-1/2

[Event "Sharjah op rapid"]
[Site "Sharjah"]
[Date "2014.07.06"]
[Round "3"]
[White "Devendra, Kumar2"]
[Black "Magerramov, Elmar S"]
[Result "0-1"]
[WhiteElo "2072"]
[BlackElo "2518"]
[PlyCount "98"]
[EventDate "2014.07.05"]
[EventType "swiss (rapid)"]
[EventRounds "9"]
[EventCountry "UAE"]
[SourceTitle "CBM 161 Extra"]
[Source "ChessBase"]
[SourceDate "2014.08.29"]
[SourceVersion "1"]
[SourceVersionDate "2014.08.29"]
[SourceQuality "1"]

1. e4 c5 2. Nf3 Nc6 3. Nc3 d6 4. d4 cxd4 5. Nxd4 Nf6 6. Be2 e5 7. Nb3 Be7 8. 0-0 0-0 9. Be3 Be6 10. Kh1 Rc8 11. f4 exf4 12. Bxf4 Ne8 13. Nd5 Bg5 14. Bg3 Ne5 15. Nd4 Bxd5 16. exd5 g6 17. b3 Nf6 18. c4 Ne4 19. Be1 Qb6 20. Nf3 Bf6 21. Nxe5 Bxe5 22. Rc1 a5 23. Bf3 Nc5 24. Bf2 Qb4 25. Bxc5 Qxc5 26. Qd2 Rce8 27. Rcd1 b6 28. Rfe1 Re7 29. Qe3 Qc7 30. Qf2 Rfe8 31. Re2 Bc3 32. Rxe7 Rxe7 33. g3 Bb4 34. Kg2 Re5 35. Qd4 Bc5 36. Qd2 Qe7 37. Rf1 h5 38. Kh1 Re3 39. Qd1 Qe5 40. Qd2 h4 41. gxh4 Qf4 42. h5 g5 43. Bg2 Qh4 44. Qd1 g4 45. h6 Re5 46. Qd2 Rh5 47. Qf4 f5 48. a4 Rxh6 49. Rd1 Be3 0-1

[Event "Sharjah op rapid"]
[Site "Sharjah"]
[Date "2014.07.05"]
[Round "1"]
[White "Al Amoudy, Khalifa"]
[Black "Magerramov, Elmar S"]
[Result "0-1"]
[WhiteElo "1464"]
[BlackElo "2518"]
[PlyCount "94"]
[EventDate "2014.07.05"]
[EventType "swiss (rapid)"]
[EventRounds "9"]
[EventCountry "UAE"]
[SourceTitle "CBM 161 Extra"]
[Source "ChessBase"]
[SourceDate "2014.08.29"]
[SourceVersion "1"]
[SourceVersionDate "2014.08.29"]
[SourceQuality "1"]

1. d4 Nf6 2. Nf3 g6 3. g3 Bg7 4. Bg2 0-0 5. 0-0 d6 6. c4 Nbd7 7. Nc3 e5 8. e4 c6 9. Bg5 h6 10. Be3 Ng4 11. Qd2 Nxe3 12. Qxe3 exd4 13. Nxd4 Qb6 14. Nb3 Qxe3 15. fxe3 Ne5 16. c5 dxc5 17. Nxc5 Nc4 18. Nd1 Rd8 19. Na4 Bg4 20. Nac3 Nxb2 21. Nxb2 Bxc3 22. Rab1 Be6 23. Nd1 Be5 24. Rxb7 Rdb8 25. Rxb8+ Rxb8 26. Nf2 Rd8 27. a4 c5 28. Rc1 c4 29. Nd1 a5 30. Bf1 Rb8 31. Kf2 Rb4 32. Nc3 Bxc3 33. Rxc3 Rxa4 34. Rc2 Kf8 35. Ke1 Ke7 36. Kd2 Kd6 37. Bg2 Kc5 38. Bf1 Ra3 39. Be2 a4 40. g4 Kb4 41. h3 Rb3 42. Bf3 a3 43. Rc1 Rb2+ 44. Ke1 a2 45. Kd1 c3 46. e5 Bb3+ 47. Ke1 Rb1 0-1

[Event "Sharjah op rapid"]
[Site "Sharjah"]
[Date "2014.07.05"]
[Round "2"]
[White "Magerramov, Elmar S"]
[Black "Mahmoud, Ahmed"]
[Result "1-0"]
[WhiteElo "2518"]
[BlackElo "1738"]
[PlyCount "77"]
[EventDate "2014.07.05"]
[EventType "swiss (rapid)"]
[EventRounds "9"]
[EventCountry "UAE"]
[SourceTitle "CBM 161 Extra"]
[Source "ChessBase"]
[SourceDate "2014.08.29"]
[SourceVersion "1"]
[SourceVersionDate "2014.08.29"]
[SourceQuality "1"]

1. c4 Nf6 2. Nc3 g6 3. e4 e5 4. Nf3 d6 5. d4 Qe7 6. d5 Bg7 7. Be2 Nbd7 8. Bg5 0-0 9. Nd2 h6 10. Be3 c6 11. h4 Nh7 12. h5 g5 13. Bg4 Ndf6 14. Bxc8 Raxc8 15. g4 cxd5 16. cxd5 Nd7 17. Nf1 Rfe8 18. Ng3 Qf6 19. 0-0 a6 20. Qe2 Bf8 21. Rfc1 Qd8 22. Kg2 Nhf6 23. f3 b5 24. Nf5 Nb6 25. b3 Na8 26. a4 b4 27. Nd1 a5 28. Nb2 Nb6 29. Rxc8 Qxc8 30. Bxb6 Nd7 31. Nc4 Nxb6 32. Nxb6 Qc7 33. Nc4 Rc8 34. Ra2 Qa7 35. Rc2 Qa6 36. Kf1 Bg7 37. Ne7+ Kf8 38. Nxc8 Qxc8 39. Nxd6 1-0

[Event "Abu Dhabi op 16th"]
[Site "Abu Dhabi"]
[Date "2006.08.20"]
[Round "8"]
[White "Magerramov, Elmar S"]
[Black "Lodhi, Mahmood"]
[Result "1/2-1/2"]
[WhiteElo "2530"]
[BlackElo "2360"]
[PlyCount "89"]
[EventDate "2006.08.12"]
[EventType "swiss"]
[EventRounds "9"]
[EventCountry "UAE"]
[SourceTitle "CBM 113 Extra"]
[Source "ChessBase"]
[SourceDate "2006.09.14"]
[SourceVersion "1"]
[SourceVersionDate "2006.09.14"]
[SourceQuality "1"]

1. e4 e5 2. Nf3 Nc6 3. Bb5 a6 4. Ba4 Nf6 5. 0-0 Be7 6. Re1 b5 7. Bb3 d6 8. c3 0-0 9. d4 Bb7 10. Nbd2 Re8 11. Nf1 Bf8 12. Ng3 h6 13. a4 Na5 14. Bc2 Nd7 15. Bd3 c6 16. b3 g6 17. Be3 Bg7 18. axb5 axb5 19. Rb1 Ba6 20. Bf1 Qc7 21. Re2 c5 22. dxc5 dxc5 23. Ra2 c4 24. bxc4 Nxc4 25. Bxc4 bxc4 26. Nd2 Qc6 27. Rba1 Bb5 28. h3 Rxa2 29. Rxa2 Ra8 30. Rxa8+ Qxa8 31. Nxc4 Bxc4 32. Qxd7 Qa1+ 33. Kh2 Qxc3 34. Qc8+ Kh7 35. Nf1 Qd3 36. Nd2 Be6 37. Qc6 Qd7 38. Qxd7 Bxd7 39. Bc5 Kg8 40. g4 f5 41. gxf5 gxf5 42. exf5 Bxf5 43. f3 Kf7 44. Kg3 Ke6 45. Be3 1/2-1/2

[Event "Abu Dhabi op 16th"]
[Site "Abu Dhabi"]
[Date "2006.08.18"]
[Round "6"]
[White "Magerramov, Elmar S"]
[Black "Jakovljevic, Vlado"]
[Result "1/2-1/2"]
[WhiteElo "2530"]
[BlackElo "2414"]
[PlyCount "130"]
[EventDate "2006.08.12"]
[EventType "swiss"]
[EventRounds "9"]
[EventCountry "UAE"]
[SourceTitle "CBM 113 Extra"]
[Source "ChessBase"]
[SourceDate "2006.09.14"]
[SourceVersion "1"]
[SourceVersionDate "2006.09.14"]
[SourceQuality "1"]

1. Nf3 Nf6 2. c4 g6 3. Nc3 d5 4. d4 Bg7 5. Bf4 0-0 6. e3 c5 7. dxc5 Qa5 8. Rc1 dxc4 9. Bxc4 Qxc5 10. Bb3 Qa5 11. 0-0 Nc6 12. h3 Bf5 13. Qe2 Ne4 14. Nd5 e5 15. Bh2 Nc5 16. Bc4 e4 17. Ng5 Nd3 18. g4 Nxc1 19. Rxc1 Qd8 20. Nxf7 Rxf7 21. Nc7 Rc8 22. Bxf7+ Kxf7 23. Qc4+ Kf8 24. gxf5 Rxc7 25. Bxc7 Qxc7 26. fxg6 hxg6 27. Qxe4 Qd6 28. b3 Kg8 29. Kg2 Kh7 30. Rc4 a5 31. Qf3 Bf6 32. Rc1 Kg7 33. Rd1 Qe7 34. Rd5 Qc7 35. Qd1 Ne7 36. Rd7 Qc6+ 37. Kg1 Kf7 38. a4 b6 39. Rd6 Qc5 40. Qd3 Kg7 41. Re6 Kf7 42. Re4 Qf5 43. Qc4+ Kg7 44. Qe6 Qc5 45. Rc4 Qg5+ 46. Kf1 b5 47. Rc7 bxa4 48. bxa4 Kh6 49. Rc4 Kg7 50. Rc7 Kh6 51. Rb7 Qh4 52. Qg4 Nf5 53. Rb5 Bc3 54. Ke2 Qd8 55. Qf4+ Kh7 56. Rb7+ Bg7 57. Rc7 Qd5 58. Rc2 Qe6 59. Rd2 Qa6+ 60. Rd3 Qc6 61. Rd2 Bc3 62. Rc2 Qa6+ 63. Kf3 Qb7+ 64. Ke2 Qa6+ 65. Kf3 Qb7+ 1/2-1/2

[Event "Abu Dhabi op 13th"]
[Site "Abu Dhabi"]
[Date "2003.08.22"]
[Round "6"]
[White "Kayumov, Sergey"]
[Black "Magerramov, Elmar S"]
[Result "1/2-1/2"]
[WhiteElo "2479"]
[BlackElo "2566"]
[PlyCount "39"]
[EventDate "2003.08.16"]
[EventType "swiss"]
[EventRounds "9"]
[EventCountry "UAE"]
[SourceTitle "CBM 097"]
[Source "ChessBase"]
[SourceDate "2003.11.11"]
[SourceVersion "1"]
[SourceVersionDate "2003.11.11"]
[SourceQuality "1"]

1. e4 c5 2. Nf3 d6 3. d4 cxd4 4. Nxd4 Nf6 5. Nc3 a6 6. Be2 e5 7. Nb3 Be7 8. 0-0 0-0 9. Kh1 Bd7 10. Be3 Bc6 11. Nd5 Nbd7 12. f3 a5 13. c4 b6 14. Nd2 Ne8 15. Nb1 Bg5 16. Bg1 g6 17. Nbc3 Ng7 18. Bd3 Ne6 19. Bc2 Ndc5 20. b3 1/2-1/2

[Event "Abu Dhabi op 13th"]
[Site "Abu Dhabi"]
[Date "2003.08.18"]
[Round "3"]
[White "Magerramov, Elmar S"]
[Black "Ezat, Mohamed Mahmoud"]
[Result "1/2-1/2"]
[WhiteElo "2566"]
[BlackElo "2410"]
[PlyCount "96"]
[EventDate "2003.08.16"]
[EventType "swiss"]
[EventRounds "9"]
[EventCountry "UAE"]
[SourceTitle "CBM 097"]
[Source "ChessBase"]
[SourceDate "2003.11.11"]
[SourceVersion "1"]
[SourceVersionDate "2003.11.11"]
[SourceQuality "1"]

1. d4 Nf6 2. Nf3 g6 3. c4 Bg7 4. g3 0-0 5. Bg2 d6 6. Nc3 Nc6 7. 0-0 a6 8. h3 Rb8 9. e4 b5 10. cxb5 axb5 11. Re1 Nd7 12. Bg5 h6 13. Be3 Na5 14. b3 b4 15. Ne2 c5 16. Rc1 Ba6 17. dxc5 dxc5 18. Bxc5 Nxc5 19. Qxd8 Rfxd8 20. Rxc5 Nb7 21. Rc6 Bb5 22. Rc7 Rdc8 23. Rxc8+ Rxc8 24. Ned4 Bd7 25. e5 Nc5 26. Rc1 Kf8 27. Bf1 Ne6 28. Rxc8+ Bxc8 29. Nc2 Ng5 30. Nxg5 hxg5 31. Nxb4 Bxe5 32. a4 Bc3 33. Nd5 Bd2 34. g4 e6 35. Nb6 Bb7 36. Bb5 Bb4 37. Nd7+ Ke7 38. Ne5 Bc3 39. Nc6+ Bxc6 40. Bxc6 f5 41. Kf1 fxg4 42. hxg4 Kd6 43. Be8 Kc5 44. Bxg6 e5 45. Ke2 Kd4 46. Kd1 Ba5 47. Kc2 Bb4 48. f3 Ba5 1/2-1/2

[Event "Arab Clubs-chT 5th"]
[Site "Damascus"]
[Date "2003.07.19"]
[Round "5"]
[White "Magerramov, Elmar S"]
[Black "Komliakov, Viktor"]
[Result "1/2-1/2"]
[WhiteElo "2566"]
[BlackElo "2436"]
[PlyCount "103"]
[EventDate "2003.07.17"]
[EventType "team"]
[EventRounds "9"]
[EventCountry "SYR"]
[SourceTitle "CBM 095 Extra"]
[Source "ChessBase"]
[SourceDate "2003.09.04"]
[SourceVersion "1"]
[SourceVersionDate "2003.09.04"]
[SourceQuality "1"]

1. e4 d6 2. Nc3 e5 3. Bc4 Nf6 4. d3 Be6 5. Bxe6 fxe6 6. Nh3 Nc6 7. 0-0 Qd7 8. f4 0-0-0 9. fxe5 dxe5 10. Be3 h6 11. Nf2 Be7 12. Nb1 Qe8 13. Nd2 Qg6 14. a4 h5 15. h3 Nd7 16. c3 Bc5 17. Qe2 Bxe3 18. Qxe3 Qh6 19. Qxh6 Rxh6 20. b4 a5 21. b5 Ne7 22. Nc4 b6 23. h4 Rf6 24. g3 Ng6 25. Kg2 Nh8 26. d4 exd4 27. cxd4 Nf8 28. Rfd1 Nhg6 29. Rac1 Kb7 30. Ne5 Nxe5 31. dxe5 Rxd1 32. exf6 Rd7 33. fxg7 Rxg7 34. Nd3 Rd7 35. Ne5 Rd4 36. Rc4 Rxc4 37. Nxc4 c6 38. g4 cxb5 39. axb5 a4 40. gxh5 Kc7 41. Kf3 Kd8 42. Ke3 Ke7 43. Kd4 Nd7 44. Kc3 Kf6 45. Kb4 Kg7 46. Kxa4 Kh6 47. Kb4 Kxh5 48. Kc3 Kxh4 49. Kd4 Kg5 50. Nxb6 Nxb6 51. Ke5 Na8 52. Kxe6 1/2-1/2

[Event "Dubai op 05th"]
[Site "Dubai"]
[Date "2003.04.25"]
[Round "6"]
[White "Mamedov, Rauf"]
[Black "Magerramov, Elmar S"]
[Result "1/2-1/2"]
[WhiteElo "2330"]
[BlackElo "2558"]
[PlyCount "42"]
[EventDate "2003.04.20"]
[EventType "swiss"]
[EventRounds "9"]
[EventCountry "UAE"]
[SourceTitle "CBM 093 Extra"]
[Source "ChessBase"]
[SourceDate "2003.05.09"]
[SourceVersion "1"]
[SourceVersionDate "2003.05.09"]
[SourceQuality "1"]

1. e4 c5 2. Nf3 Nc6 3. Nc3 g6 4. d4 cxd4 5. Nxd4 Bg7 6. Be3 Nf6 7. Bc4 0-0 8. Bb3 d6 9. f3 Bd7 10. Qd2 Nxd4 11. Bxd4 b5 12. a4 bxa4 13. Nxa4 Be6 14. Bxe6 fxe6 15. 0-0 Nd7 16. Bxg7 Kxg7 17. Kh1 Qb8 18. b3 Qc7 19. Nb2 Rfc8 20. Nc4 Nb6 21. Ne3 Qc3 1/2-1/2

[Event "Dubai op 04th"]
[Site "Dubai"]
[Date "2002.04.17"]
[Round "3"]
[White "Graf, Alexander"]
[Black "Magerramov, Elmar S"]
[Result "1/2-1/2"]
[WhiteElo "2623"]
[BlackElo "2551"]
[PlyCount "43"]
[EventDate "2002.04.15"]
[EventType "swiss"]
[EventRounds "9"]
[EventCountry "UAE"]
[SourceTitle "CBM 087 Extra"]
[Source "ChessBase"]
[SourceDate "2002.05.03"]
[SourceVersion "2"]
[SourceVersionDate "2002.08.09"]
[SourceQuality "1"]

1. d4 d5 2. c4 e6 3. Nc3 c5 4. cxd5 exd5 5. Nf3 Nc6 6. Bf4 Nf6 7. e3 Be7 8. Be2 0-0 9. 0-0 Be6 10. dxc5 Bxc5 11. Rc1 Rc8 12. Bg5 Be7 13. Nd4 Nxd4 14. Qxd4 Qa5 15. Rfd1 h6 16. Bh4 Rfd8 17. h3 a6 18. a3 Rc6 19. Qa7 Qc7 20. Qd4 Qa5 21. Qa7 Qc7 22. Qd4 1/2-1/2

[Event "Abu Dhabi op 11th"]
[Site "Abu Dhabi"]
[Date "2001.08.29"]
[Round "5"]
[White "Sharif, Mershad"]
[Black "Magerramov, Elmar S"]
[Result "1/2-1/2"]
[WhiteElo "2474"]
[BlackElo "2555"]
[PlyCount "34"]
[EventDate "2001.08.25"]
[EventType "swiss"]
[EventRounds "9"]
[EventCountry "UAE"]
[SourceTitle "EXT 2002"]
[Source "ChessBase"]
[SourceDate "2001.11.25"]
[SourceVersion "1"]
[SourceVersionDate "2001.11.25"]
[SourceQuality "1"]

1. d4 Nf6 2. Bg5 c6 3. Bxf6 exf6 4. c4 Bb4+ 5. Nd2 d5 6. e3 0-0 7. Ngf3 Bg4 8. Qb3 c5 9. dxc5 Na6 10. cxd5 Bxf3 11. gxf3 Bxd2+ 12. Kxd2 Nxc5 13. Qc4 Qd6 14. Rc1 Nd7 15. Qd4 Rfd8 16. f4 Nb6 17. Bg2 Nxd5 1/2-1/2

[Event "Abu Dhabi op 11th"]
[Site "Abu Dhabi"]
[Date "2001.08.25"]
[Round "1"]
[White "Magerramov, Elmar S"]
[Black "El Arousy, Abdul Hameed"]
[Result "1/2-1/2"]
[WhiteElo "2555"]
[BlackElo "2332"]
[PlyCount "104"]
[EventDate "2001.08.25"]
[EventType "swiss"]
[EventRounds "9"]
[EventCountry "UAE"]
[SourceTitle "EXT 2002"]
[Source "ChessBase"]
[SourceDate "2001.11.25"]
[SourceVersion "1"]
[SourceVersionDate "2001.11.25"]
[SourceQuality "1"]

1. c4 Nf6 2. Nf3 e6 3. g3 d5 4. Bg2 dxc4 5. 0-0 a6 6. Qc2 Nbd7 7. Qxc4 b5 8. Qc2 Bb7 9. b3 c5 10. Bb2 Be7 11. d3 0-0 12. Nbd2 Nd5 13. Rac1 Rc8 14. Qb1 Qb6 15. Qa1 Bf6 16. d4 cxd4 17. Nxd4 Rfd8 18. a3 Nc5 19. N4f3 Bxb2 20. Qxb2 Nf6 21. Ne5 Bxg2 22. Kxg2 Nce4 23. Ndf3 h6 24. b4 Nd5 25. Qd4 Nf4+ 26. gxf4 Rxd4 27. Rxc8+ Kh7 28. Nxd4 Qxd4 29. Nxf7 Nd2 30. Rh8+ Kg6 31. Ne5+ Kh5 32. Nf3 Qe4 33. Rc1 Nc4 34. Rf8 Qxe2 35. Re1 Qd3 36. Rxe6 Qd5 37. Rfe8 Qd3 38. R8e7 Nd2 39. Nxd2 Qxd2 40. Re5+ Kg6 41. f5+ Kf6 42. h4 Qd4 43. R7e6+ Kf7 44. Re4 Qd3 45. Re3 Qxf5 46. Rxa6 Qg4+ 47. Rg3 Qe4+ 48. Rf3+ Kg8 49. Ra7 g5 50. hxg5 hxg5 51. Kg3 Qh4+ 52. Kg2 Qe4 1/2-1/2

[Event "Dubai op 03rd"]
[Site "Dubai"]
[Date "2001.04.16"]
[Round "2"]
[White "Tahirov, Farhad"]
[Black "Magerramov, Elmar S"]
[Result "0-1"]
[WhiteElo "2406"]
[BlackElo "2556"]
[PlyCount "66"]
[EventDate "2001.04.15"]
[EventType "swiss"]
[EventRounds "9"]
[EventCountry "UAE"]
[SourceTitle "CBM 083"]
[Source "ChessBase"]
[SourceDate "2001.07.05"]
[SourceVersion "1"]
[SourceVersionDate "2001.07.05"]
[SourceQuality "1"]

1. Nf3 c5 2. c4 Nf6 3. Nc3 e6 4. g3 Nc6 5. Bg2 d5 6. cxd5 Nxd5 7. 0-0 Be7 8. d4 0-0 9. e4 Nb6 10. dxc5 Qxd1 11. Rxd1 Bxc5 12. Bf4 f6 13. Rac1 e5 14. Nb5 exf4 15. Rxc5 fxg3 16. hxg3 Bg4 17. Rd2 Rfd8 18. Nd6 Rab8 19. a3 Rd7 20. Nc4 Rbd8 21. Rxd7 Nxd7 22. Rd5 Be6 23. Nd6 Bxd5 24. exd5 Nce5 25. Nd4 Nc5 26. b4 Rxd6 27. bxc5 Rd7 28. Nb5 a6 29. Bh3 axb5 30. f4 Rc7 31. fxe5 fxe5 32. d6 Rxc5 33. d7 Rc1+ 0-1

[Event "Abu Dhabi op 10th"]
[Site "Abu Dhabi"]
[Date "2000.09.04"]
[Round "9"]
[White "Babaev, Rashad"]
[Black "Magerramov, Elmar S"]
[Result "0-1"]
[WhiteElo "2322"]
[BlackElo "2568"]
[PlyCount "53"]
[EventDate "2000.08.26"]
[EventType "swiss"]
[EventRounds "9"]
[EventCountry "UAE"]
[SourceTitle "CBM 077 Extra"]
[Source "ChessBase"]
[SourceDate "2000.09.14"]
[SourceVersion "1"]
[SourceVersionDate "2000.09.14"]
[SourceQuality "1"]

1. e4 c5 2. Nf3 d6 3. d4 cxd4 4. Nxd4 Nf6 5. Nc3 a6 6. Be2 e5 7. Nb3 Be7 8. 0-0 0-0 9. Be3 Be6 10. Qd2 b5 11. a4 b4 12. Nd5 Nxe4 13. Nxe7+ Qxe7 14. Qxb4 f5 15. Na5 Rc8 16. Bf3 Nd7 17. Bxe4 fxe4 18. Rad1 Nc5 19. Bxc5 Rxc5 20. Qxe4 d5 21. Qe1 Bf7 22. b4 Rxc2 23. Nb3 Re8 24. Rd3 d4 25. Qd1 Rb2 26. Rg3 Qxb4 27. Nc1 0-1